000 00900nam a22002537a 4500
999 _c4367
_d4367
003 AR-CdUCM
008 190308b ||||| |||| 00| 0 spa d
040 _aMUNICIPALIDAD PROVINCIAL DEL CUSCO
_cBIBLIOTECA MUNICIPAL DEL CUSCO
041 _hita
082 _a759.06 /
_bV26
100 _aValsecchi, Marco
_913783
245 _aBosquejo de la pintura moderna /
260 _aMéxico, D.F :
_bUTEHA,
_c1962.
300 _a88, 48 páginas ;
_bláminas, retratos,
_c17 cm.
440 _aManuales Uteha.
_n80-80a
_913784
440 _aArte sección.
_n11
_913785
505 _aContenido: Los profetas -- Los pintores "fauves" y los impresionistas -- Cubismo y futurismo -- El abstraccionismo -- La pintura metafísica ...
650 _aPintura
_93081
650 _aArtistas
_9394
650 _aBiografía
_922
700 _aGerhard, Carlos (traducción)
_96079
942 _2ddc
_cLIBROS
945 _aachl